| 000 | 00375nam a2200169Ia 4500 | ||
|---|---|---|---|
| 100 | _aMoseley/Ralph | ||
| 650 | _aWeb applications | ||
| 942 | _cBK | ||
| 366 | _f17.5 | ||
| 654 | _aweb applications | ||
| 245 | _aDeveloping web applications | ||
| 260 |
_bWiley India _aNew Delhi _c2007 |
||
| 082 |
_a005.3/MOS _bMOS |
||
| 300 | _a387 | ||
| 546 | _aENGLISH | ||
| 999 |
_c23605 _d23605 |
||